00482nam a2200193 a 4500001001300000003000900013005001700022008004100039020001000080082001700090100002000107245002400127260004900151300000900200500003500209505001300244650001100257700002000268nice12345678IN_TiNIC20260116011907.0050524s1377 hyda grp 000 0 urd  ac10000a297.124bSHA aShabir, Mir Ali aChehl Hadith Saluk. aHyderabadbMatbua Razaqi Mission Pressc1377 a41p. aincludes index and biblioraphy2 aarchives aHadith1 aShabir, Mir Ali